Williams Obstetrics
সংরক্ষণ করুন:
| প্রধান লেখক: | |
|---|---|
| বিন্যাস: | গ্রন্থ |
| ভাষা: | Undetermined |
| প্রকাশিত: |
McGraw-Hill
2001
|
| ট্যাগগুলো: |
ট্যাগ যুক্ত করুন
কোনো ট্যাগ নেই, প্রথমজন হিসাবে ট্যাগ করুন!
|
| Thư viện lưu trữ: | Trung tâm Học liệu Trường Đại học Cần Thơ |
|---|
| LEADER | 00406nam a2200145Ia 4500 | ||
|---|---|---|---|
| 001 | CTU_49622 | ||
| 008 | 210402s9999 xx 000 0 und d | ||
| 082 | |a 618.2 | ||
| 082 | |b W716 | ||
| 100 | |a F. Gary Cunningham ...[et al.] | ||
| 245 | 0 | |a Williams Obstetrics | |
| 245 | 0 | |c F. Gary Cunningham ...[et al.] | |
| 260 | |b McGraw-Hill | ||
| 260 | |c 2001 | ||
| 980 | |a Trung tâm Học liệu Trường Đại học Cần Thơ | ||